000
00256nam a2200109Ia 4500
008
190216s9999||||xx |||||||||||||| ||und||
100
_a
Tharakan K M
245
0
_a
Sharath Chandran
260
_b
Kerala Sahithya Academy
650
_a
Oormakurip
942
_c
BK
999
_c
25364
_d
25364